Viac slobody pohybu v Európskej únii ?

Sloboda pohybu a Všeobecná deklarácia ľudských práv OSN. Voľný pohyb osôb v rámci EÚ. Posilnenie vonkajších hraníc EÚ - Schengenský systém. Schengenský informačný systém.

Gespeichert in:
Bibliographische Detailangaben
1. Verfasser: Bolečeková, Martina
Format: Buchkapitel
Sprache:Slowakisch
Schlagworte:
Tags: Tag hinzufügen
Keine Tags, Fügen Sie das erste Tag hinzu!

MARC

LEADER 00000naa$a2200000$$$4500
001 0056401
005 20221207085022.1
041 0 |a slo 
044 |a SK 
245 1 0 |a Viac slobody pohybu v Európskej únii ?  |c Martina Bolečeková 
520 |a Sloboda pohybu a Všeobecná deklarácia ľudských práv OSN. Voľný pohyb osôb v rámci EÚ. Posilnenie vonkajších hraníc EÚ - Schengenský systém. Schengenský informačný systém. 
610 2 0 |a Európska únia 
610 2 0 |a bezpečnosť 
610 2 0 |a bezpečnosť európska 
610 2 0 |a práva ľudské 
610 2 0 |a pohyb obyvateľstva 
610 2 0 |a systémy bezpečnostné 
100 1 |a Bolečeková, Martina